Online Catalogue and eLibrary

Tamil aayviyalil kalanithi K.Kailasapathy (Record no. 5542)

MARC details
000 -LEADER
fixed length control field 00397nam a2200145Ia 4500
005 - DATE AND TIME OF LATEST TRANSACTION
control field 20250404072218.0
008 - FIXED-LENGTH DATA ELEMENTS--GENERAL INFORMATION
fixed length control field 240331s9999 xx 000 0 und d
082 ## - DDC Classification
Item Number - Author Mark SUB
Class No. 894
100 ## - MAIN ENTRY--PERSONAL NAME
Personal name Subramanian, N
245 #0 - TITLE STATEMENT
Title Tamil aayviyalil kalanithi K.Kailasapathy
260 ## - PUBLICATION, DISTRIBUTION, ETC.
Place of publication, distribution, etc. Colombo
Name of publisher, distributor, etc. Vasantham ( Pvt) Ltd
Date of publication, distribution, etc. 1999
300 ## - PHYSICAL DESCRIPTION
Extent (e.g. Volumes, Pages etc.) 123 p .,
500 ## - GENERAL NOTE
General note Kailasapathy in Tamilology - A study
942 ## - Koha item type (Biblio)
Koha item type Books in Stacks (Lending)
Holdings
Lost status Damaged status Collection code Home library Current library Shelving location Date acquired Full call number Accession Number Item type
    Lending WERC Library WERC Library Social Science Cupboard 03/31/2024 894.11 SUB 2944 Books in Stacks (Lending)

© WERC Library